[Event "BCF-chT2 9899 (4NCL)"]
[Site "England"]
[Date "1999.05.02"]
[Round "10.6"]
[White "Richards, Paul"]
[Black "Phillips, David A"]
[Result "0-1"]
[WhiteElo "1528"]
[BlackElo "2000"]
[PlyCount "56"]
[EventDate "1998.10.??"]
[EventType "team-tourn"]
[EventRounds "11"]
[EventCountry "ENG"]
[SourceTitle "EXT 2000"]
[Source "ChessBase"]
[SourceDate "1999.11.16"]
[SourceVersion "1"]
[SourceVersionDate "1999.11.16"]
[SourceQuality "1"]
[WhiteTeam "Invicta Knights Maidstone II"]
[BlackTeam "BCCA"]
[WhiteTeamCountry "ENG"]
[BlackTeamCountry "ENG"]

1. e4 d5 2. exd5 Nf6 3. Nc3 Nxd5 4. Nxd5 Qxd5 5. Nf3 Nc6 6. Be2 e5 7. d3 Bg4 8. 0-0 Be7 9. b3 0-0-0 10. Bb2 e4 11. Ne1 Bxe2 12. Qxe2 f5 13. dxe4 fxe4 14. c4 Nd4 15. Qg4+ Qf5 16. Qxg7 Bf6 17. Qh6 Ne2+ 18. Kh1 Bxb2 19. Rb1 Be5 20. Nc2 Bf4 21. Ne3 Bxh6 22. Nxf5 Bd2 23. Rb2 Rhf8 24. Ne7+ Kb8 25. Nd5 Rxd5 26. cxd5 e3 27. g3 Nc1 28. Rd1 Rxf2 0-1